000 00668nam a2200241Ia 4500
003 OSt
005 20220925204441.0
006 a|||||r|||| 00| 0
007 ta
008 220923b |||||||| |||| 00| 0 eng d
037 _cGeneral Book
040 _aRTL
_cRTL
_beng
041 _2eng
_aeng
082 _aX:97D.73.N6, K0/UN
110 _aInternational Labour Office
245 0 _aTrade union situation in the United States.
260 _aGeneve
_bILO
_c1960
300 _aiv,148p
_ccm.
650 _aTrade Unions
700 _aInternational Labour Office
942 _hX:97D.73.N6, K0/UN
_cGB
_2CC
999 _c549445
_d549445